|
|
|
|
| LEADER |
01806cas a2200253 a 4500 |
| 001 |
AALejournalIMF009472 |
| 008 |
230101c9999 xx r poo 0 0eng d |
| 020 |
|
|
|c 5.00 USD
|
| 020 |
|
|
|z 9781451867527
|
| 022 |
|
|
|a 1018-5941
|
| 040 |
|
|
|a BD-DhAAL
|c BD-DhAAL
|
| 100 |
1 |
|
|a Mills, Paul.
|
| 245 |
1 |
0 |
|a Money for Nothing and Checks for Free :
|b Recent Developments in U.S. Subprime Mortgage Markets /
|c Paul Mills, John Kiff.
|
| 264 |
|
1 |
|a Washington, D.C. :
|b International Monetary Fund,
|c 2007.
|
| 300 |
|
|
|a 1 online resource (18 pages)
|
| 490 |
1 |
|
|a IMF Working Papers
|
| 500 |
|
|
|a <strong>Off-Campus Access:</strong> No User ID or Password Required
|
| 500 |
|
|
|a <strong>On-Campus Access:</strong> No User ID or Password Required
|
| 506 |
|
|
|a Electronic access restricted to authorized BRAC University faculty, staff and students
|
| 520 |
3 |
|
|a After a number of warning signs, the U.S. "subprime mortgage crisis" became a headline issue in February 2007. Notwithstanding the bankruptcy of numerous mortgage companies, historically high delinquencies and foreclosures, and a significant tightening in subprime lending standards, the impact thus far on core U.S. financial institutions has been limited. This paper reviews the history and structure of the subprime market. The results suggest that new origination and funding technology appear to have made the financial system more stable at the expense of undermining the effectiveness of consumer protection regulation. Potential solutions to the management of this trade-off are then explored.
|
| 538 |
|
|
|a Mode of access: Internet
|
| 700 |
1 |
|
|a Kiff, John.
|
| 830 |
|
0 |
|a IMF Working Papers; Working Paper ;
|v No. 2007/188
|
| 856 |
4 |
0 |
|z Full text available on IMF
|u http://elibrary.imf.org/view/journals/001/2007/188/001.2007.issue-188-en.xml
|z IMF e-Library
|